| 000 | 01066pam a2200301 a 4500 | ||
|---|---|---|---|
| 001 | 1615095 | ||
| 003 | OSt | ||
| 005 | 20211110125905.0 | ||
| 008 | 950405s1995 nyuab b 001 0 eng | ||
| 010 | _a 95015924 | ||
| 020 | _a0070656045 (pbk.) | ||
| 038 | _akhadija | ||
| 040 |
_aDLC _cDLC _dDLC |
||
| 050 | 0 | 0 |
_aTL553.6 _b.T87 1995 |
| 082 | 0 | 0 |
_a629.132521 _220 _bTUR |
| 100 | 1 |
_aTurner, Thomas P. _983785 |
|
| 245 | 1 | 0 |
_aCockpit Resource Management : _bThe Private Pilot's Guide / _cThomas P. Turner. |
| 260 |
_aNew York : _bTab Books, _cc1995. |
||
| 300 |
_axii, 219 p. : _bill., map ; _c25 cm. |
||
| 440 | 0 |
_aTab practical flying series _983786 |
|
| 504 | _aIncludes bibliographical references (p. 213-215) and index. | ||
| 563 | _aPB | ||
| 650 | 0 |
_aAirplanes _xPiloting _xHuman factors. _983787 |
|
| 650 | 0 |
_aPrivate flying. _983788 |
|
| 906 |
_a7 _bcbc _corignew _d1 _eocip _f19 _gy-gencatlg |
||
| 942 |
_2ddc _cBK |
||
| 999 |
_c33860 _d33860 |
||